Biomass Production & Efficient Uttilization for Energy Generation (Record no. 17415)
[ view plain ]
| 000 -LEADER | |
|---|---|
| fixed length control field | 00435nam a22001577a 4500 |
| 003 - CONTROL NUMBER IDENTIFIER | |
| control field | OSt |
| 008 - FIXED-LENGTH DATA ELEMENTS--GENERAL INFORMATION | |
| fixed length control field | 210914b ||||| |||| 00| 0 eng d |
| 020 ## - INTERNATIONAL STANDARD BOOK NUMBER | |
| ISBN | 9789390175086 |
| 082 ## - DEWEY DECIMAL CLASSIFICATION NUMBER | |
| Classification number | 621.47 |
| Item number | RAT/BI |
| 100 ## - MAIN ENTRY--AUTHOR NAME | |
| Personal name | Rathore,N.S |
| 245 ## - TITLE STATEMENT | |
| Title | Biomass Production & Efficient Uttilization for Energy Generation |
| 260 ## - PUBLICATION, DISTRIBUTION, ETC. (IMPRINT) | |
| Place of publication | New Delhi |
| Name of publisher | New India Publishing Agency |
| Year of publication | 2021 |
| 300 ## - PHYSICAL DESCRIPTION | |
| Number of Pages | 202 Pages |
| 700 ## - ADDED ENTRY--PERSONAL NAME | |
| Personal name | Panwar, N.L |
| 942 ## - ADDED ENTRY ELEMENTS (KOHA) | |
| Koha item type | Books |
| Withdrawn status | Lost status | Damaged status | Home library | Current library | Shelving location | Date acquired | Cost, normal purchase price | Full call number | Accession Number | Koha item type |
|---|---|---|---|---|---|---|---|---|---|---|
| KAUAET | KAUAET | Shelf- 7A | 07/09/2021 | 2700.00 | 621.47 RAT/BI | 26004 | Books | |||
| KAUAET | KAUAET | Shelf- 7A | 07/09/2021 | 2700.00 | 621.47 RAT/BI | 26005 | Books |
